| 000 | 01012nas a2200325 4500 | ||
|---|---|---|---|
| 001 | BR2012003530 | ||
| 003 | BR-BrBNA | ||
| 005 | 20231205120611.0 | ||
| 007 | ta | ||
| 008 | 230509b bl.|||p| |||| 00| 00por d | ||
| 040 |
_aBR-BrBNA _bpor _cBiblioteca Nacional de Agricultura |
||
| 041 | _a(Pt) | ||
| 072 | _aH50; F62 | ||
| 100 | 1 | _aGomes, M.O. | |
| 100 | 1 | _aMarques, T.C.L.L. de S. e M. | |
| 100 | 1 | _aNogueira, M. de O.G. | |
| 100 | 1 | _aSilva, G.H. | |
| 100 | 1 | _aCastro, E.M. de | |
| 100 | 1 | _aSoares, A.M. | |
| 245 | 1 | _aEfeitos dos rejeitos da indústria de zinco na anatomia e crescimento de plantas jovens de Salix humboldtiana Willd. (salgueiro) | |
| 650 | _aSALGUEIRO BRANCO | ||
| 650 | _aCRESCIMENTO | ||
| 650 | _aRESISTÊNCIA A PRODUTOS QUÍMICOS | ||
| 650 | _aZINCO | ||
| 650 | _aMETAL PESADO | ||
| 650 | _aPOLUENTE | ||
| 773 | 0 |
_tHoehnea (Brazil) _xISSN 0073-2877 _g(Mar 2011), v. 38(1) p. 135-142 _wBR2012003530 |
|
| 909 |
_a202311 _bLúcia _c55 _dLúcia Elande |
||
| 942 |
_2AGRIS _n0 _cANA |
||
| 999 |
_c219334 _d219334 |
||